It looks like you're offline.
Open Library logo
additional options menu

MARC record from Internet Archive

LEADER: 02483nam 2200445Ia 4500
001 2193671
005 20040813160100.0
008 991223s1690 fr j 000 0 fre
010 $a 30021570
035 $aocm43082554
040 $aDLC$cYUS$dOCLCQ$dBRL
049 $aBRLL
099 $aAdams 31.4 Folio
100 1 $aBeaumanoir, Philippe de Remi,$csire de,$dca. 1250-1296.
245 10 $aCoustumes de Beauvoisis /$cpar messire Philippes de Beaumanoir ... Assises et bons usages du royaume de Jerusalem, par messire Jean d'Ibelin, comte de Japhe & d' Ascalon ... Et autres anciennes coutumes. Le tout tiré des manuscrits. Avec des notes & observations, & un glossaire pour l'intelligence des termes de nos anciens autheurs. Par Gaspard Thaumas de la Thaumassiere ...
260 $aA Bourges :$bChez F. Toubeau... et se vend a Paris, en la boutique de L. Billaine, chez J. Morel,$cMDCXC [1690]
300 $a2 v. in 1 :$bgeneal. tables ;$c35 cm.
500 $aV. 2 has special t.p.: "Assises et bons usages du royaume de Jerusalem"; with imprint, A. Bourges, Chez F. Toubeau, MDCXC [1690].
500 $aJohn Adams Library copy inscribed: verso of first leaf full page of annotations.$5BRL
500 $aErrata on p. 514 of v. 1.
500 $aHead-pieces; tail-pieces; initials; vignettes.
500 $aJohn Adams Library copy has bookplate: John Adams Library, in the Custody of the Boston Public Library.$5BRL
500 $aJohn Adams Library copy: minor annotations.$5BRL
500 $aJohn Adams Library copy: transcriptions of handwritten annotations available. $5BRL
590 $aJohn Adams Library copy transferred from the supervisors of the Temple and School Fund. Quincy, Mass., 1894.
650 0 $aCustomary law$zFrance$zBeauvais.
650 0 $aLaw$zFrance$zBeauvais.
650 0 $aCustomary law$zFrance.
650 0 $aFrench language$yTo 1500$vGlossaries, vocabularies, etc.
651 0 $aJerusalem (Latin Kingdom)$xLegal status, laws, etc.
655 7 $aMarbled papers (Paper) $2rbpap
655 7 $aPublishers' advertisements.$2rbgenr
700 0 $aGiovanni,$cdi Ibelin,$d13th cent.
700 1 $aThaumas de la Thaumassière, Gaspard,$csieur du Puy-Ferrand,$d1631-1702.
700 1 $aAdams, John,$d1735-1826,$eformer owner. $5BRL
710 2 $aJohn Adams Library (Boston Public Library) $5BRL
740 02 $aAssises et bons usages du royaume de Jerusalem.
937 $aWorld history$aEuropean history.
955 $aR-B
994 $a02$bBRL